<?xml version="1.0" encoding="UTF-8"?>
<record
    xmlns:xsi="http://www.w3.org/2001/XMLSchema-instance"
    xsi:schemaLocation="http://www.loc.gov/MARC21/slim http://www.loc.gov/standards/marcxml/schema/MARC21slim.xsd"
    xmlns="http://www.loc.gov/MARC21/slim">

  <leader>01208nam0a22002891  4500</leader>
  <controlfield tag="001">v19\rc\1343987</controlfield>
  <controlfield tag="005">20260405135821.0</controlfield>
  <datafield tag="035" ind1=" " ind2=" ">
    <subfield code="a">(NLR Aleph) 005205473</subfield>
  </datafield>
  <datafield tag="090" ind1=" " ind2=" ">
    <subfield code="a">5353555</subfield>
    <subfield code="c">5353555</subfield>
  </datafield>
  <datafield tag="100" ind1=" " ind2=" ">
    <subfield code="a">20060512e18601860|||y0rusy50      ca</subfield>
  </datafield>
  <datafield tag="101" ind1="0" ind2=" ">
    <subfield code="a">rus</subfield>
  </datafield>
  <datafield tag="102" ind1=" " ind2=" ">
    <subfield code="a">RU</subfield>
  </datafield>
  <datafield tag="105" ind1=" " ind2=" ">
    <subfield code="a">a   z   |||||</subfield>
  </datafield>
  <datafield tag="200" ind1="1" ind2=" ">
    <subfield code="a">&#x412;&#x43E;&#x437;&#x43C;&#x43E;&#x436;&#x43D;&#x43E;&#x441;&#x442;&#x44C; &#x437;&#x430;&#x43C;&#x435;&#x43D;&#x438;&#x442;&#x44C; &#x432;&#x438;&#x43D;&#x442;&#x43E;&#x432;&#x43E;&#x439; &#x434;&#x432;&#x438;&#x436;&#x438;&#x442;&#x435;&#x43B;&#x44C; &#x438;&#x43D;&#x44B;&#x43C;, &#x431;&#x43E;&#x43B;&#x435;&#x435; &#x432;&#x44B;&#x433;&#x43E;&#x434;&#x43D;&#x44B;&#x43C; &#x438; &#x431;&#x435;&#x437;&#x432;&#x440;&#x435;&#x434;&#x43D;&#x44B;&#x43C;</subfield>
    <subfield code="f">&#x421;&#x442;. &#x411;&#x443;&#x440;&#x430;&#x447;&#x435;&#x43A;</subfield>
  </datafield>
  <datafield tag="210" ind1=" " ind2=" ">
    <subfield code="a">&#x421;&#x430;&#x43D;&#x43A;&#x442;-&#x41F;&#x435;&#x442;&#x435;&#x440;&#x431;&#x443;&#x440;&#x433;</subfield>
    <subfield code="c">&#x442;&#x438;&#x43F;. &#x41C;&#x43E;&#x440;. &#x43C;-&#x432;&#x430;</subfield>
    <subfield code="d">1860</subfield>
  </datafield>
  <datafield tag="215" ind1=" " ind2=" ">
    <subfield code="a">[2], 56 &#x441;., 3 &#x43B;. &#x438;&#x43B;.</subfield>
    <subfield code="c">&#x447;&#x435;&#x440;&#x442;.</subfield>
    <subfield code="d">24</subfield>
  </datafield>
  <datafield tag="311" ind1=" " ind2=" ">
    <subfield code="a">&#x418;&#x437; "&#x41C;&#x43E;&#x440;&#x441;&#x43A;&#x43E;&#x433;&#x43E; &#x441;&#x431;.", 1860 &#x433;., &#x2116; 5-6</subfield>
  </datafield>
  <datafield tag="488" ind1=" " ind2="0">
    <subfield code="1">2001#$a&#x41C;&#x43E;&#x440;&#x441;&#x43A;&#x43E;&#x439; &#x441;&#x431;&#x43E;&#x440;&#x43D;&#x438;&#x43A;$v1860, &#x2116; 5-6</subfield>
    <subfield code="t">&#x41C;&#x43E;&#x440;&#x441;&#x43A;&#x43E;&#x439; &#x441;&#x431;&#x43E;&#x440;&#x43D;&#x438;&#x43A;</subfield>
  </datafield>
  <datafield tag="700" ind1=" " ind2="1">
    <subfield code="8">rus</subfield>
    <subfield code="7">ca</subfield>
    <subfield code="a">&#x411;&#x443;&#x440;&#x430;&#x447;&#x435;&#x43A;</subfield>
    <subfield code="b">&#x421;. &#x41E;.</subfield>
    <subfield code="f">1800-1876</subfield>
    <subfield code="g">&#x421;&#x442;&#x435;&#x43F;&#x430;&#x43D; &#x41E;&#x43D;&#x438;&#x441;&#x438;&#x43C;&#x43E;&#x432;&#x438;&#x447;</subfield>
    <subfield code="3">RU\NLR\AUTH\7756164</subfield>
    <subfield code="9">39096</subfield>
  </datafield>
  <datafield tag="790" ind1=" " ind2="1">
    <subfield code="a">&#x411;&#x443;&#x440;&#x430;&#x447;&#x43E;&#x43A;</subfield>
    <subfield code="b">&#x421;.&#x410;.</subfield>
    <subfield code="f">1800-1876</subfield>
    <subfield code="g">&#x421;&#x442;&#x435;&#x43F;&#x430;&#x43D; &#x410;&#x43D;&#x438;&#x441;&#x438;&#x43C;&#x43E;&#x432;&#x438;&#x447;</subfield>
  </datafield>
  <datafield tag="801" ind1=" " ind2="0">
    <subfield code="a">RU</subfield>
    <subfield code="b">NLR</subfield>
    <subfield code="c">20060512</subfield>
    <subfield code="g">psbo</subfield>
  </datafield>
  <datafield tag="801" ind1=" " ind2="0">
    <subfield code="a">RU</subfield>
    <subfield code="b">RuMoRGB</subfield>
    <subfield code="c">20060512</subfield>
    <subfield code="2">psbo</subfield>
  </datafield>
  <datafield tag="801" ind1=" " ind2="1">
    <subfield code="a">RU</subfield>
    <subfield code="b">ProSoft-M</subfield>
    <subfield code="c">20060512</subfield>
    <subfield code="2">rusmarc</subfield>
  </datafield>
  <datafield tag="801" ind1=" " ind2="2">
    <subfield code="a">RU</subfield>
    <subfield code="b">NLR</subfield>
    <subfield code="c">20070920</subfield>
    <subfield code="2">rusmarc</subfield>
  </datafield>
  <datafield tag="852" ind1=" " ind2=" ">
    <subfield code="a">NLR</subfield>
    <subfield code="j">18.97.1.127</subfield>
  </datafield>
  <datafield tag="942" ind1=" " ind2=" ">
    <subfield code="c">BOOK</subfield>
  </datafield>
  <datafield tag="980" ind1=" " ind2=" ">
    <subfield code="a">NB</subfield>
  </datafield>
  <datafield tag="995" ind1=" " ind2=" ">
    <subfield code="5">2013-10-26</subfield>
    <subfield code="b">NLR02</subfield>
    <subfield code="c">NLR02</subfield>
    <subfield code="e">RFS</subfield>
    <subfield code="f">5205473-10</subfield>
    <subfield code="k">18.97.1.127</subfield>
    <subfield code="o">0</subfield>
    <subfield code="r">BOOK</subfield>
    <subfield code="s">18971127_</subfield>
  </datafield>
</record>
